Tìm hiểu thực trạng khó khăn trong giao tiếp của sinh viên năm thứ nhất trường ĐH Sư phạm - ĐHĐN.

Saved in:
Bibliographic Details
Other Authors: Phạm, Thị Tố Diệu, Nguyễn, Thị H, Lê, Thị Phi Thạc sỹ (hướng dẫn), Vũ, Thị Thanh Huyền, Nguyễn, Thị Nhung
Format: Book
Language:Vietnamese
Published: Đà Nẵng Trường Đại học Sư phạm 2012
Subjects:
Tags: Add Tag
No Tags, Be the first to tag this record!
Institutions: Mạng thư viện Đại học Đà Nẵng
LEADER 01622nam a2200361 4500
001 000016924
003 13334
005 20130111140135.0
008 130111s2012 viesd
041 |a vie 
082 1 4 |a 371.46  |b Tim 
245 0 0 |a Tìm hiểu thực trạng khó khăn trong giao tiếp của sinh viên năm thứ nhất trường ĐH Sư phạm - ĐHĐN.  |c Phạm Thị Tố Diệu, Nguyễn Thị Hà, Vũ, Thị Thanh Huyền, Nguyễn Thị Nhung ; Lê Thị Phi hướng dẫn  |k Báo cáo khoa học 
260 |a Đà Nẵng  |b Trường Đại học Sư phạm  |c 2012 
300 |a 57 tr., [Phụ lục tr., 54 - 56]  |c 29 cm. 
500 |a Công trình tham gia hội nghị sinh viên nghiên cứu khoa học Trường Đại học Sư phạm năm 2012. Khoa Tâm lý - Giáo dục. 
650 0 4 |a Giao tiếp  |v Báo cáo khoa học  |x Nghiên cứu 
653 |a Nghiên cứu khoa học 
700 1 |a Phạm, Thị Tố Diệu 
700 1 |a Nguyễn, Thị Hà 
700 1 |a Lê, Thị Phi  |c Thạc sỹ  |e hướng dẫn 
700 1 |a Vũ, Thị Thanh Huyền 
700 1 |a Nguyễn, Thị Nhung 
OWN |a LSP 
AVA |a UDN50  |b LSP  |d 371.46 Tim  |e available  |t Error 5001 Not defined in file expand_doc_bib_avail.  |f 1  |g 0  |h N  |i 0  |k 1 
999 |a From the UDN01 
AVA |a UDN50  |b LSP  |d 371.46 Tim  |e available  |t Error 5001 Not defined in file expand_doc_bib_avail.  |f 1  |g 0  |h N  |i 0  |k 1 
TYP |a Mixed Materials 
TYP |a Monograph 
TYP |a Printed language 
980 |a Mạng thư viện Đại học Đà Nẵng